Carregant...

Mathematics in India /

Dades bibliogràfiques
Autor principal: Plofker, Kim
Format: Printed Book
Publicat: Princeton : Princeton University Press, c2009.
Matèries:
LEADER 01336cam a2200193 a 4500
020 |a 9789380250380 
082 0 0 |a 510.954  |2 22 
084 |a 510 
100 1 |a Plofker, Kim, 
245 1 0 |a Mathematics in India /  |c Kim Plofker. 
260 |a Princeton :  |b Princeton University Press,  |c c2009. 
300 |a xi, 357 p. :  |b ill., map ;  |c 24 cm. 
650 0 |a Mathematics 
650 0 |a Mathematics 
942 |2 ddc  |c BK 
504 |a Includes bibliographical references (p. [327]-351) and index. 
505 0 |a Introduction -- Mathematical thought in Vedic India -- Mathematical traces in the early classical period -- The mathematical universe -- The genre of medieval mathematics -- The development of "canonical" mathematics -- The school of Madhava in Kerala -- Exchanges with the Islamic world -- Continuity and changes in the modern period -- Appendix A. Some basic features of Sanskrit language and literature -- A.1. Elements of spoken and written Sanskrit -- A. 2. the structure of Sanskrit verse -- A. 3. The documentary sources of texts -- A. 4. Meaning and interpretation : caveat lector! -- A. 5. Glossary of transliterated technical terms -- Appendix B. Biographical data on Indian mathematicians. 
999 |c 189876  |d 189876 
952 |0 0  |1 0  |4 0  |6 510PLO_M  |7 0  |9 209361  |a STA  |b STA  |c ST1  |d 2017-06-08  |i C369  |l 0  |o 510PLO/M  |p STAC369  |r 2018-08-21  |w 2018-08-21  |y BK